Highly Parallel Computing

Salvato in:
Dettagli Bibliografici
Autore principale: Almasi, George S.
Altri autori: Gottlieb, Allan
Natura: Libro
Lingua:inglese
Pubblicazione: Redwood City Benjamin/Cummings Pub. Co. 1989
Edizione:1. ed.
Tags: Aggiungi Tag
Nessun Tag, puoi essere il primo ad aggiungerne!!

MARC

LEADER 00000nam a2200000 4500
001 c029669
005 20221206131328.1
041 0 |a eng 
044 |a US 
245 1 0 |a Highly Parallel Computing  |c George S. Almasi, Allan Gottlieb 
250 |a 1. ed. 
264 1 |a Redwood City  |b Benjamin/Cummings Pub. Co.  |c 1989 
300 |a 519 s. 
100 1 |a Almasi, George S. 
700 1 |a Gottlieb, Allan